000 00346nam a2200145 i 4500
001 bg
100 1 _aBIERNATOWSKI, Kazimierz
245 0 _aFundamentowanie /
_cKazimierz Biernatowski. Cz.2.
260 _aWrocław,
_c1978.
040 _cBPK
041 _apol
080 _a624.15(075.8)
942 _cKS
008 s pl f |000 0 pol
999 _c123
_d123
856 _uhttp://koha.tu.koszalin.pl/cgi-bin/koha/opac-detail.pl?biblionumber=123
_yKatalog online BPK